LEADER 00860nam0-22002771i-450- 001 990000115350403321 035 $a000011535 035 $aFED01000011535 035 $a(Aleph)000011535FED01 035 $a000011535 100 $a20011111d--------km-y0itay50------ba 101 0 $aita 105 $ay-------001yy 200 1 $aTerza pubblicazione$fMinistero dei lavori pubblici. Reale commissione per gli studi sul regime idraulico del Po. 210 $aParma$cPremiate tipografie riunite Donati$d1922 215 $aV, XVI, 183 p., 18 tav.$cill.$d34 cm 610 0 $aPo $aRegime$a1917$a1922 676 $a551.483 710 02$aItalia.$bUfficio Idrografico del Po$c 801 0$aIT$bUNINA$gRICA$2UNIMARC 901 $aBK 912 $a990000115350403321 952 $a13 N 45 63$b4531$fFINBC 959 $aFINBC 997 $aUNINA DB $aING01 LEADER 00801nam a22002291i 4500 001 991001045179707536 005 20021114180022.0 008 021114s1982 it |||||||||||||||||ita 035 $ab12092113-39ule_inst 035 $aARCHE-018191$9ExL 040 $aDip.to Filologia Ling. e Lett.$bita$cA.t.i. Arché s.c.r.l. Pandora Sicilia s.r.l. 100 1 $aRosselli, Aldo$0450228 245 10$aZefiro /$cAldo Rosselli 260 $aMilano :$bRizzoli,$c1982 300 $a148 p. ;$c22 cm 440 3$aLa scala 907 $a.b12092113$b02-04-14$c01-04-03 912 $a991001045179707536 945 $aLE008 TS H XI 36$g1$i2008000397036$lle008$o-$pE0.00$q-$rl$s- $t0$u0$v0$w0$x0$y.i12393101$z01-04-03 996 $aZefiro$9140889 997 $aUNISALENTO 998 $ale008$b01-04-03$cm$da $e-$fita$git $h0$i1